000 00605nam a2200157 a 4500
003 0
005 20250203132558.0
008 130830s19uu xx 00 eng d
050 _aPGS PN 1992.8.T4
_b.V566 2013
100 _aVersula, Paul Johann T.
245 _aTelevision viewing and study habits of grade 6 students of Southville International School and Colleges /
_cPaul Johann T. Versula.
260 _aLas PiƱas City, Philippines :
_bSouthville International School and Colleges,
_c2013.
300 _a38 p. :
_bill. ;
_c28 cm.
504 _aIncludes bibliographical references.
942 _2lcc
_cPASS
999 _c99059
_d99059